ბათუმის შოთა რუსთაველის სახელმწიფო უნივერსიტეტის ბიბლიოთეკა

მმართველობოთი არიცხვა. (ბიბ.ჩანაწერი № 34891)

000 -LEADER
fixed length control field 00850nam a2200205Ia 4500
001 - CONTROL NUMBER
control field 714
003 - CONTROL NUMBER IDENTIFIER
control field GE_BSU
008 - FIXED-LENGTH DATA ELEMENTS--GENERAL INFORMATION
fixed length control field 181216s||||||||xx |||||||||||||| ||und||
040 ## - CATALOGING SOURCE
Transcribing agency GE_BSU
080 ## - UNIVERSAL DECIMAL CLASSIFICATION NUMBER
Universal Decimal Classification number 657.22(075.8)
245 ## - TITLE STATEMENT
Title მმართველობოთი არიცხვა.
245 ## - TITLE STATEMENT
Remainder of title დამხმარე სახელმძღვანელო ბუღალტერთა პროფესიული გადამზადებისა და კვალიფიკაციის ამაღლებისათვის
260 ## - PUBLICATION, DISTRIBUTION, ETC.
Place of publication, distribution, etc. თბილისი
260 ## - PUBLICATION, DISTRIBUTION, ETC.
Date of publication, distribution, etc. 2005
300 ## - PHYSICAL DESCRIPTION
Extent 163 გვ.
653 ## - INDEX TERM--UNCONTROLLED
Uncontrolled term დამხმარე სახელმძრვანელო
653 ## - INDEX TERM--UNCONTROLLED
Uncontrolled term მმართველობითი აღრიცხვა
942 ## - ADDED ENTRY ELEMENTS (KOHA)
Koha item type წიგნი
ეგზემპლარები
Withdrawn status Lost status Damaged status Not for loan Date acquired Barcode Date last seen Price effective from Koha item type
        2018-12-17 964 2018-12-17 2018-12-17 წიგნი